|
|
|
|
| LEADER |
00000caa a2200000 c 4500 |
| 001 |
1471836630 |
| 003 |
DE-627 |
| 005 |
20220601125547.0 |
| 007 |
tu |
| 008 |
140228s2013 xx ||||| 00| ||ger c |
| 020 |
|
|
|a 9783402158500
|
| 035 |
|
|
|a (DE-627)1471836630
|
| 035 |
|
|
|a (DE-576)401836630
|
| 035 |
|
|
|a (DE-599)BSZ401836630
|
| 040 |
|
|
|a DE-627
|b ger
|c DE-627
|e rakwb
|
| 041 |
|
|
|a ger
|
| 084 |
|
|
|a 0
|2 ssgn
|
| 100 |
1 |
|
|0 (DE-588)115780610
|0 (DE-627)077467329
|0 (DE-576)17693037X
|4 aut
|a Frischmann, Bärbel
|d 1960-
|
| 109 |
|
|
|a Frischmann, Bärbel 1960-
|
| 245 |
1 |
0 |
|a Nietzsches Kritik der Religion
|c Bärbel Frischmann
|
| 264 |
|
1 |
|c 2013
|
| 336 |
|
|
|a Text
|b txt
|2 rdacontent
|
| 337 |
|
|
|a ohne Hilfsmittel zu benutzen
|b n
|2 rdamedia
|
| 338 |
|
|
|a Band
|b nc
|2 rdacarrier
|
| 601 |
|
|
|a Religion
|
| 773 |
0 |
8 |
|i In
|t Die Religion des Individuums
|d Münster : Aschendorff, 2013
|g (2013), Seite [151]-166
|h 207 S.
|w (DE-627)73476622X
|w (DE-576)391982699
|z 3402158507
|z 9783402158500
|7 nnam
|
| 773 |
1 |
8 |
|g year:2013
|g pages:[151]-166
|
| 951 |
|
|
|a AR
|
| ELC |
|
|
|b 1
|
| ITA |
|
|
|a 1
|t 1
|
| ORI |
|
|
|a SA-MARC-ixtheo_oa001.raw
|
| REL |
|
|
|a 1
|
| SUB |
|
|
|a REL
|